Poesía completa (Record no. 91851)

MARC details
000 -LEADER
campo de control de longitud fija 00982nam a2200289 i 4500
001 - NÚMERO DE CONTROL
campo de control 91851
003 - IDENTIFICADOR DE NÚMERO DE CONTROL
campo de control ES-MaACL
005 - FECHA Y HORA DE LA ÚLTIMA TRANSACCIÓN
campo de control 20250911062830.0
007 - CAMPO FIJO DE DESCRIPCIÓN FÍSICA--INFORMACIÓN GENERAL
campo de control de longitud fija t|
008 - DATOS DE LONGITUD FIJA--INFORMACIÓN GENERAL
campo de control de longitud fija 050223s2004 sp ||||1| spa d
020 ## - NÚMERO INTERNACIONAL ESTÁNDAR DEL LIBRO
Número Internacional Estándar del Libro 84-7522-539-X
080 ## - NÚMERO DE LA CLASIFICACIÓN DECIMAL UNIVERSAL
Número de la Clasificación Decimal Universal 821.134.2-14"19"
100 1# - ENTRADA PRINCIPAL--NOMBRE DE PERSONA
Nombre de persona Aumente, Julio,
Fechas asociadas al nombre 1924-2006
9 (RLIN) 23917
245 10 - MENCIÓN DEL TÍTULO
Título Poesía completa
Resto del título : (1955-1999) ; seguido del libro inédito Rollers /
Mención de responsabilidad, etc. Julio Aumente ; edición de Rafael Inglada ; prólogo de Luis Antonio de Villena.
260 ## - PUBLICACIÓN, DISTRIBUCIÓN, ETC.
Lugar de publicación, distribución, etc. Madrid :
Nombre del editor, distribuidor, etc. Visor Libros,
Fecha de publicación, distribución, etc. [2004]
300 ## - DESCRIPCIÓN FÍSICA
Extensión 539 p. ;
Dimensiones 20 cm.
490 1# - MENCIÓN DE SERIE
Mención de serie Colección Visor de poesía ;
Designación de volumen o secuencia 539
650 #4 - PUNTO DE ACCESO ADICIONAL DE MATERIA--TÉRMINO DE MATERIA
9 (RLIN) 16177
Término de materia o nombre geográfico como elemento de entrada Poesía española-
Subdivisión cronológica S.XX
655 #7 - TERMINO DE INDIZACIÓN--GENERO/FORMA
Fuente del término tgfbne
Datos o término principal de género/forma Poesías
9 (RLIN) 176539
700 0# - ENTRADA AGREGADA--NOMBRE PERSONAL
Nombre de persona Inglada, Rafael,
Fechas asociadas al nombre 1963-
9 (RLIN) 65293
700 1# - ENTRADA AGREGADA--NOMBRE PERSONAL
Nombre de persona Villena, Luis Antonio de,
Fechas asociadas al nombre 1951-
9 (RLIN) 240059
740 0# - ENTRADA AGREGADA--TÍTULO RELACIONADO/ANALÍTICO NO CONTROLADO
Título relacionado o analítico no controlado Rollers.
830 0# - PUNTO DE ACCESO ADICIONAL DE SERIE-TÍTULO UNIFORME
Título uniforme Colección Visor de poesía
Designación de volumen o secuencia 539
9 (RLIN) 177331
852 ## - LOCALIZACIÓN
Ubicación ES-MaACL
Número de control de estantería L-28916
Sublocalización o colección R.135045
942 ## - ELEMENTOS DE ENTRADA SECUNDARIOS (KOHA)
Fuente del sistema de clasificación o colocación Clasificación decimal universal
Holdings
Estatus retirado Estado de pérdida Estado de daño No para préstamo Biblioteca de origen Biblioteca actual Ubicación en estantería Fecha de adquisición Fuente de adquisición Total de préstamos Signatura topográfica completa Código de barras Visto por última vez Precio de reemplazo Tipo de ítem Koha
        Biblioteca del Ateneo de Madrid Biblioteca del Ateneo de Madrid Depósito 2 17/01/2008     L-28916 1095902 23/02/2023 23/02/2023 Libro impreso